| 000 | 00849nam a22003137a 4500 | ||
|---|---|---|---|
| 001 | BR6900277 | ||
| 003 | BR-BrBNA | ||
| 005 | 20230928083533.0 | ||
| 007 | ta | ||
| 008 | 230509b bl.||||| |||| 00| 0 por d | ||
| 040 |
_aBR-BrBNA _bpor _cBiblioteca Nacional de Agricultura |
||
| 041 | _a(Por) | ||
| 072 |
_aL00 _b5250 |
||
| 090 | _ 5250 BR6900277 | ||
| 100 | 1 | _aJardim, W.R. | |
| 245 | 1 | _aCriacao de caprinos [Capra hircus; Producao animal] | |
| 250 | 1 | _a6. ed. | |
| 260 | 3 |
_aSao Paulo, SP (Brasil): _bNobel, _c[nd]. |
|
| 300 | _a240 p. | ||
| 500 | _a44 illus.; 40 tables; 45 ref.; Published after 1968 | ||
| 650 | _aProducao animal | ||
| 650 | _aCaprino | ||
| 650 | _aMelhoramento animal | ||
| 650 | _aProducao leiteira | ||
| 650 | _aCaprinocultura | ||
| 650 | _aManejo | ||
| 909 |
_a202309 _bLucia _c55 _dLucia Elande |
||
| 942 | _cBK | ||
| 999 |
_c14035 _d14035 |
||